Pan-American Graph Puzzle Quiz Stats

 Plays Quiz Updated Dec 17, 2019

Support Sporcle.
Go Orange.
Score 0/23 Timer 06:00
0 Plays Today
% Correct
USA
93.1%
Mexico
91.6%
Canada
89.1%
Brazil
85.9%
Panama
85.5%
Venezuela
85.3%
Peru
83%
Colombia
82.1%
Uruguay
80.9%
Chile
78.3%
Ecuador
78.2%
Nicaragua
77%
% Correct
Costa
Rica
74.5%
Belize
74.4%
Guate-
mala
74.3%
Suriname
73.8%
Honduras
72.6%
Paraguay
72.5%
E. S.
67.7%
Bolivia
66.5%
Guyana
66.4%
Argentina
66.1%
France
64.9%

You're not logged in!

Compare scores with friends on all Sporcle quizzes.
OR
Log In

From the Vault

Non-Evolving Pokémon

by Ellix

These Pokemon are just stuck in their ways.
Remove Ads.
Support Sporcle.
Get the best of Sporcle when you Go Orange. This ad-free experience offers more features, more stats, and more fun while also helping to support Sporcle. Thank you for becoming a member.

Show Comments

Extras

Top Quizzes Today


Score Distribution

Your Account Isn't Verified!

In order to create a playlist on Sporcle, you need to verify the email address you used during registration. Go to your Sporcle Settings to finish the process.

Report this User

Report this user for behavior that violates our Community Guidelines.

Details: